Statistiques concernant Le Monde par lettre - W

Cliquez ici pour prendre le quiz!

Statistiques générales

  • Ce quiz a été pris 240 fois
  • Le résultat moyen est 8 sur 10

Statistiques - réponses

IndicesRéponses% Correct
Prénom le plus populaire commençant par W au CanadaWilliam
99%
SerenaWilliams
93%
Tournoi de tennis se déroulant chaque année à LondresWimbledon
91%
L'encyclopédie libreWikipédia
88%
Application mobile de messagerieWhatsApp
86%
Ville maintenant reconnue pour la COVID-19Wuhan
79%
Animal dont le nom scientifique est Cervus canadensisWapiti
62%
Homme d'affaire : ______ BuffetWarren
56%
Capitale de la NamibieWindhoek
52%
Peintre reconnu pour les conserves de soupe CampbellAndy Warhol
50%

Distribution des résultats

Percentile par nombre de réponses

% des personnes avec chaque résultat

Votre développement - résultats

Vous n’avez pas pris ce quiz